Distribution par images - L'Ecume des jours - Statistiques

Statistiques générales
  • Ce quiz a été pris 25 fois
  • Le résultat moyen est 5 sur 9
Statistiques - réponses
Par images Hint Réponse % Correct
Nicolas Omar Sy
100%
Chick Gad Elmaleh
85%
Colin Romain Duris
80%
Chloé Audrey Tautou
75%
Jules Gouffé Alain Chabat
45%
Isis de Ponteauzanne Charlotte Le Bon
35%
Jean-Sol Partre Philippe Torreton
15%
Mangemanche Michel Gondry
10%
Alise Aïssa Maïaga
5%
Aucun quiz correspondant
Distribution des résultats
% des personnes avec chaque résultat
Percentile par nombre de réponses
Votre historique - résultats
Vous n’avez pas pris ce quiz